Normal view
MARC view
- Martin, Boxman
Entry Personal Name
001 - CONTROL NUMBER
- control field: 113248
003 - CONTROL NUMBER IDENTIFIER
- control field: NUST
005 - DATE AND TIME OF LATEST TRANSACTION
- control field: 20230623112620.0
008 - FIXED-LENGTH DATA ELEMENTS
- fixed length control field: 230623|| aca||aabn | a|a d
040 ## - CATALOGING SOURCE
- Original cataloging agency: NUST
- Transcribing agency: NUST
100 ## - HEADING--PERSONAL NAME
- Personal name: Martin, Boxman
670 ## - SOURCE DATA FOUND
- Source citation: Work cat.: (NUST): Martin, Boxman, Handbook of vacuum arc science and technology fundamentals and applications, 2004
